|
|
|
|
| LEADER |
00000nam0a2200000 4500 |
| 001 |
307670 |
| 005 |
20231102002021.0 |
| 035 |
|
|
|a (RuTPU)RU\TPU\book\332963
|
| 035 |
|
|
|a RU\TPU\book\330992
|
| 090 |
|
|
|a 307670
|
| 100 |
|
|
|a 20151022d1885 k y0rusy50 ca
|
| 101 |
0 |
|
|a rus
|
| 102 |
|
|
|a RU
|
| 105 |
|
|
|a y z 000zy
|
| 200 |
1 |
|
|a Давид Рикардо и Карл Маркс в их общественно-экономических исследованиях. Опыт критико-экономического исследования
|f Н. И. Зибер
|
| 210 |
|
|
|a Санкт-Петербург
|c Типография М. М. Стасюлевича
|d 1885
|
| 215 |
|
|
|a VIII, 598 с.
|
| 317 |
|
|
|5 63413507: 68//412
|a Поступила в НТБ в 1905 г. в составе книжного собрания Н. А. Сборовского.
|
| 320 |
|
|
|a Библиогр. в примеч.
|
| 600 |
|
1 |
|a Рикардо
|g Давид
|b Д.
|c английский экономист
|f 1772-1823
|2 stltpush
|3 (RuTPU)RU\TPU\pers\307
|
| 600 |
|
1 |
|a Маркс
|g Карл
|b К.
|c немецкий мыслитель
|c общественный деятель
|c основоположник марксизма
|f 1818-1883
|2 stltpush
|3 (RuTPU)RU\TPU\pers\297
|
| 610 |
1 |
|
|a политическая экономия
|
| 610 |
1 |
|
|a учение Рикардо
|
| 610 |
1 |
|
|a коллекция Н. А. Сборовского
|
| 610 |
1 |
|
|a владельческие знаки
|
| 610 |
1 |
|
|a ученые-экономисты
|
| 686 |
|
|
|a У02(2)
|v LBC/SL-A
|2 rubbk
|
| 700 |
|
1 |
|a Зибер
|b Н. И.
|c российский социолог
|f 1844-1888
|g Николай Иванович
|2 stltpush
|3 (RuTPU)RU\TPU\pers\13827
|9 4339
|
| 801 |
|
1 |
|a RU
|b 63413507
|c 20150929
|
| 801 |
|
2 |
|a RU
|b 63413507
|c 20170320
|g RCR
|
| 942 |
|
|
|c BK
|